000 00770nam a2200253Ia 4500
003 OSt
005 20220923211201.0
006 a|||||r|||| 00| 0
007 ta
008 220922b |||||||| |||| 00| 0 hin d
020 _a8188473392 (hb)
024 _a230,858
037 _cTextual
040 _aARTS
_cARTS
_bhin
041 _2hin
_ahin
082 _aO152,3N56x, P6
100 _aउपाध्याय, मधुकर
245 0 _aखिलो कुरिंजी
246 _aKhilo kurianjī
260 _aनई दिल्ली
_b अरूणोदय प्रकाशन
_c2006
300 _a124पृ.
_ccm.
942 _hO152,3N56x, P6
_cTEXL
_2CC
999 _c296463
_d296463